Statistics for Elements with the Same Number of Protons and Neutrons

Click here to take the quiz!

General Stats

  • This quiz has been taken 17 times
  • The average score is 7 of 9

Answer Stats

Elements% Correct
Helium
100%
Carbon
93%
Nitrogen
86%
Oxygen
86%
Neon
79%
Magnesium
64%
Sulfur
64%
Silicon
50%
Calcium
36%

Score Distribution

Percentile by Number Answered

Percent of People with Each Score

Your Score History

You have not taken this quiz